فلسفة العصور الوسطى / (Record no. 5785)
[ view plain ]
| 000 -الفاتح | |
|---|---|
| حقل البيانات ثابتة الطول | 00552nac a22001571u 4500 |
| 008 - عناصر البيانات ثابتة الطول - معلومات عامة | |
| حقل البيانات ثابتة الطول | 100719t le|||||r|||| 000 0 ara d |
| 082 ## - رقم تصنيف ديوى العشرى | |
| رقم التصنيف | 188 |
| رقم المادة | ب د و |
| 245 ## - بيان العنوان | |
| العنوان | فلسفة العصور الوسطى / |
| بيان المسئوليه,etc | عبد الرحمن بدوي |
| 250 ## - بيان الطبعة | |
| بيان الطبعة | ط3 |
| 260 ## - PUBLICATION, DISTRIBUTION, ETC. (IMPRINT) | |
| مكان الناشر او الموزع | الكويت : |
| اسم الناشر او الموزع | وكالة المطبوعات؛ |
| مكان الناشر او الموزع | بيروت : |
| اسم الناشر او الموزع | ،دار القلم |
| تاريخ النشر أو التوزيع | 1979. |
| 300 ## - الوصف المادى | |
| التعداد | 195 ؛ص |
| أبعاد الوعاء | 24 سم |
| 511 ## - | |
| -- | Catalogued by: Sara |
| 541 ## - تبصرة المصدر المباشر للتزويد | |
| مصدر التزويد | الف باء؛ |
| 650 ## - المدخل الاضافى بالموضوع-مصطلح موضوعى | |
| مصطلح موضوعي أو اسم جغرافي كعنصر مدخل | فلسفة العصور الوسطي |
| 9 (RLIN) | 16480 |
| 942 ## - عناصر المدخل الإضافي( كوها) | |
| Koha [default] item type | Book - Borrowing |
| سابقة رقم الطلب | 188 ب د و |
| مصدر التصنيف او مخطط الترفيف | Dewey Decimal Classification |
| حالة التراجع | حالة الفقد | مصدر التصنيف او خطة الترفيف | حالة تلف | ليس للاعارة | مجموعات كوها | المكان الدائم | المكان الحالي | موقع الترفيف | تاريخ الاكتساب | Source of acquisition | رقم الاستدعاء | الباركود | Date last seen | مُعار | نوع الوعاء |
|---|---|---|---|---|---|---|---|---|---|---|---|---|---|---|---|
| Dewey Decimal Classification | Alef-Baa | Central Library | Central Library | Lower Floor | 07/11/2005 | 188 ب د و | 000007424 | 15/07/2025 | 21/10/2013 | Book - Borrowing |